Compendio de artículos técnicos sobre la trayectoria y perspectivas de la integración económica

Gespeichert in:
Bibliographische Detailangaben
Körperschaft: ICAP
Format: Text
Veröffentlicht: San José: ICAP
Tags: Tag hinzufügen
Keine Tags, Fügen Sie den ersten Tag hinzu!

MARC

LEADER 00000 a a2200000 04500
001 25535
003
040
090 |a 153803  
110 |a ICAP  
245 |a Compendio de artículos técnicos sobre la trayectoria y perspectivas de la integración económica  
260 |a San José:   |b ICAP  
300 |a p. irreg.  
999 |c 11819  |d 11819